000 00996nam a22002657a 4500
003 BD-DhSAU
005 20221214122453.0
008 150612b2021 bg ad||| m||| 00| 0 eng d
040 _aBD-DhSAU
082 _222
_a420
_bC4595
100 _aChowdhury, Sharifa,
_eRegistration no. # 201406044
245 _aThe Impact of the academic literacies of British universities on academic achievements of asian students studing on postgraduate programmes in the UK
_bPh.D. Thesis
260 _aUniversity of LEEDS :
_bDepartment of ,
_c2021
300 _avii, 105p. :
_bill. ;
_c30 cm.
500 _aPh.D. thesis of Department of , University of LEEDS
504 _aIncludes bibliographical reference.
590 _aNazmul
650 _aacademic literacies
650 _aBritish universities
651 _a academic achievements of asian students studing
654 _apostgraduate programmes in the UK
700 _aDR. Diana Mazgutova
_eChaiman
942 _2ddc
_cPHD
999 _c16372
_d16371